000 00779nam a22002297a 4500
001 10007
003 FISKH
005 20260326162219.0
008 260326b cb ||||| |||| 00| 0 eng d
040 _aFISKH
_beng
_cFISKH
_dFISKH
050 _a G1021 .N4
082 _a912
100 _aDickinson , Mary B.
245 _aNational Geographic picture Atlas of our world /
_cBy Mary B. Dickinson
260 _aWashington D.C . :
_bNational Geographic Society ,
_c1990 .
300 _a256 pages :
_bcolor illustrations ;
_c27 cm .
520 _aMaps and text provide information on the geography, industries, and other vital facts of the countries of the world.
650 _aMaps
_vNon-fiction
650 _aGeography
_vNon-fiction
942 _2ddc
_cBK
_n0
999 _c10007
_d10007